MARC details
| 000 -LEADER |
| campo de control de longitud fija |
02343nam a2200457 i 4500 |
| 001 - NÚMERO DE CONTROL |
| campo de control |
193400 |
| 003 - IDENTIFICADOR DE NÚMERO DE CONTROL |
| campo de control |
SpMaBN |
| 005 - FECHA Y HORA DE LA ÚLTIMA TRANSACCIÓN |
| campo de control |
20250719003406.0 |
| 007 - CAMPO FIJO DE DESCRIPCIÓN FÍSICA--INFORMACIÓN GENERAL |
| campo de control de longitud fija |
ta |
| 008 - DATOS DE LONGITUD FIJA--INFORMACIÓN GENERAL |
| campo de control de longitud fija |
210730s2021 sp | |||| 000 0 spa |
| 017 ## - NÚMERO DE COPYRIGHT O DE DEPÓSITO LEGAL |
| Número de copyright o de depósito legal |
B 2602-2021 |
| Agencia que asigna |
Oficina Depósito Legal Barcelona |
| 020 ## - NÚMERO INTERNACIONAL ESTÁNDAR DEL LIBRO |
| Número Internacional Estándar del Libro |
9788413142661 |
| 035 ## - NÚMERO DE CONTROL DEL SISTEMA |
| Número de control de sistema |
a6917950 |
| 040 ## - FUENTE DE CATALOGACIÓN |
| Centro catalogador/agencia de origen |
SpMaBN |
| Lengua de catalogación |
spa |
| Centro/agencia transcriptor |
SpMaBN |
| Normas de descripción |
rda |
| 080 ## - NÚMERO DE LA CLASIFICACIÓN DECIMAL UNIVERSAL |
| Número de la Clasificación Decimal Universal |
308(091)"20" |
| 080 ## - NÚMERO DE LA CLASIFICACIÓN DECIMAL UNIVERSAL |
| Número de la Clasificación Decimal Universal |
316.653(460) |
| 080 ## - NÚMERO DE LA CLASIFICACIÓN DECIMAL UNIVERSAL |
| Número de la Clasificación Decimal Universal |
94(460)"20" |
| 100 1# - ENTRADA PRINCIPAL--NOMBRE DE PERSONA |
| Nombre de persona |
Pérez Henares, Antonio, |
| Fechas asociadas al nombre |
1953- |
| Relación |
aut |
| Término indicativo de función/relación |
Autor |
| 9 (RLIN) |
138463 |
| 245 10 - MENCIÓN DEL TÍTULO |
| Título |
Tiempo de hormigas : |
| Resto del título |
de la importancia de hablar con libertad y sin miedo sobre lo que está ocurriendo hoy en España / |
| Mención de responsabilidad, etc. |
Antonio Pérez Henares |
| 250 ## - MENCION DE EDICION |
| Mención de edición |
Primera edición, primera reimpresión: abril de 2021 |
| 264 #1 - PRODUCCIÓN, PUBLICACIÓN, DISTRIBUCIÓN, FABRICACIÓN Y COPYRIGHT |
| Producción, publicación, distribución, fabricación y copyright |
[Barcelona] : |
| Nombre del de productor, editor, distribuidor, fabricante |
B de Bolsillo, |
| Fecha de producción, publicación, distribución, fabricación o copyright |
2021 |
| 300 ## - DESCRIPCIÓN FÍSICA |
| Extensión |
413 páginas ; |
| Dimensiones |
22 cm |
| 336 ## - TIPO DE CONTENIDO |
| Término de tipo de contenido |
Texto |
| Fuente |
rdacontent |
| 337 ## - TIPO DE MEDIO |
| Nombre/término del tipo de medio |
sin mediación |
| Fuente |
rdamedia |
| 338 ## - TIPO DE SOPORTE |
| Nombre/término del tipo de soporte |
volumen |
| Fuente |
rdacarrier |
| 490 1# - MENCIÓN DE SERIE |
| Mención de serie |
Maxi |
| 500 ## - NOTA GENERAL |
| Nota general |
Índice |
| 520 ## - RESUMEN, ETC. |
| Sumario, etc. |
Antonio Pérez Henares es célebre por la claridad de sus ideas, así como por expresarlas con franqueza y sin andarse con rodeos. En este libro pone encima de la mesa las grandes cuestiones --y grandes tabúes-- que preocupan a millones de personas en nuestro país como la manipulación acerca de la historia de España, el paso del feminismo al «hembrismo», la crisis de la verdad en el periodismo, la «progrecracia» o la ecología animalista... "Tiempo de hormigas" abre un debate sin censura sobre asuntos urgentes, invitándonos a la reflexión, a la vez que realiza un ataque frontal y fulminante contra el «neototalitarismo». |
| 650 #4 - PUNTO DE ACCESO ADICIONAL DE MATERIA--TÉRMINO DE MATERIA |
| Término de materia o nombre geográfico como elemento de entrada |
Historia social- |
| Subdivisión cronológica |
S.XXI |
| Fuente del encabezamiento o término |
embne |
| 9 (RLIN) |
234572 |
| 650 #4 - PUNTO DE ACCESO ADICIONAL DE MATERIA--TÉRMINO DE MATERIA |
| Término de materia o nombre geográfico como elemento de entrada |
Opinión pública- |
| Subdivisión geográfica |
España |
| 9 (RLIN) |
137992 |
| 651 #4 - PUNTO DE ACCESO ADICIONAL DE MATERIA--NOMBRE GEOGRÁFICO |
| Nombre geográfico |
España- |
| Subdivisión general |
Historia- |
| Subdivisión cronológica |
S.XXI |
| Fuente del encabezamiento o término |
embne |
| 9 (RLIN) |
234573 |
| 830 #0 - PUNTO DE ACCESO ADICIONAL DE SERIE-TÍTULO UNIFORME |
| Título uniforme |
Maxi (B de Bolsillo) |
| 9 (RLIN) |
226098 |
| 852 ## - LOCALIZACIÓN |
| Ubicación |
ES-MaACL |
| Sublocalización o colección |
R. 154743 |
| Ubicación en estantería |
Depósito J |
| Número de control de estantería |
N-9554 |
| itemnumber |
200851 |
| Anotaciones manuscritas |
Dedicatoria autógrafa del autor |
| Donativo/Legado |
Donación: Antonio Pérez Henares |
| Encuadernación |
Encuadernación rústica |
| 901 ## - NOMBRE PERSONAL DE POSESOR |
| a |
MON2107 |
| 903 ## - NOMBRE PERSONAL DE DONANTE |
| a |
Pérez Henares, Antonio, |
| d |
1953- |
| e |
Donante |
| 9 |
138463 |
| 942 ## - ELEMENTOS DE ENTRADA SECUNDARIOS (KOHA) |
| Suprimir en OPAC |
No |
| Tipo de ítem Koha |
Libro impreso |